000 02044cac a2200373 i 4500
003 EG-GICUC
005 20260121101533.0
008 071009s2008 flua frb 001 0 eng d
015 _aGBA809135
_2bnb
016 7 _a014500508
_2Uk
020 _a9781420070118
_qalk. paper
020 _a1420070118
_qalk. paper
040 _aDLC
_cDLC
_dBTCTA
_dBAKER
_dYDXCP
_dUKM
_dC#P
_dBWX
_dWLL
_dIXA
_dDLC
_dEG-GICUC
_beng
_erda
043 _an-us---
050 0 0 _aKF9227.C2
_bD43 2008
082 0 0 _a343.16321073
_221
092 0 4 _221
099 _aLaw 10 2008
245 0 4 _aThe death penalty today /
_cedited by Robert M. Bohm.
264 _aBoca Raton, Fla. :
_bCRC Press,
_c2008.
300 _axvi, 224 page :
_billustrations ;
_c24 cm.
336 _atext
_btxt
_2rdacontent
337 _aunmediated
_bn
_2rdamedia
338 _avolume
_bnc
_2rdacarrier
504 _aIncludes bibliographical references and index.
505 0 _aErrors in capital cases and what can be done about them -- Scrutinizing the death penalty : state death penalty study commissions and their recommendations -- Themes of wrongful executions in the post-Furman era -- Making it work : compensation for the wrongfully convicted -- A painless cocktail? The lethal injection controversy -- Assessing scholarly opinion of capital punishment : the experts speak -- Police managers' attitudes toward capital punishment -- The United States can't televise an execution because it will make condemned men feel bad about the death penalty : issues raised by the suit to make McVeigh's execution public -- "Let's do it!" : an analysis of consensual executions -- Some hypotheses about capital punishment and lynching.
650 0 _aCapital punishment
_zUnited States.
650 0 _aCapital punishment
_xMoral and ethical aspects
_zUnited States.
700 1 _aBohm, Robert M.
856 4 1 _uhttps://fll.law.cu.edu.eg/fulltext/bks/ENGB10-00079.pdf
856 4 1 _3Table of contents only
_uhttp://www.loc.gov/catdir/toc/ecip082/2007042040.html
905 _a10
942 _2ddc
_cBK
_e21
_n0
999 _c52199
_d52199